Revelation: (Record no. 6209)

000 -LEADER
fixed length control field 00621nam a2200193 a 4500
001 - CONTROL NUMBER
control field :::00003952$&:&@@
003 - CONTROL NUMBER IDENTIFIER
control field OkBaRHE
005 - DATE AND TIME OF LATEST TRANSACTION
control field 20000607103315.0
008 - FIXED-LENGTH DATA ELEMENTS--GENERAL INFORMATION
fixed length control field s1983 j 000 0 eng u
020 ## - INTERNATIONAL STANDARD BOOK NUMBER
International Standard Book Number 0871487403 (pbk.)
040 ## - CATALOGING SOURCE
Transcribing agency
100 1# - MAIN ENTRY--PERSONAL NAME
Personal name Gause, R. Hollis.
245 10 - TITLE STATEMENT
Title Revelation:
Remainder of title God's stamp of sovereignty on history.
260 ## - PUBLICATION, DISTRIBUTION, ETC. (IMPRINT)
Place of publication, distribution, etc Cleveland, TN., :
Name of publisher, distributor, etc Pathway Press
Date of publication, distribution, etc c1983
300 ## - PHYSICAL DESCRIPTION
Extent 286 p. ;
Dimensions 21 cm.
650 ## - SUBJECT ADDED ENTRY--TOPICAL TERM
Topical term or geographic name as entry element Bible New Testament Revelation
General subdivision Commentaries
942 ## - ADDED ENTRY ELEMENTS (KOHA)
Source of classification or shelving scheme
Koha item type Books
Copies
Lost status Date last seen Withdrawn status Date acquired Not for loan Full call number Damaged status Copy number Source of classification or shelving scheme Price effective from Permanent Location Shelving location Koha item type Barcode
 2018-04-03 2010-04-14 BS 2825.3 .G38 1 2010-04-14RHEMA Bible Training CollegeGeneral StacksBooks3952